Развитие местного самоуправления в субъектах Российской Федерации: научно-практическое пособие (Запись № 10608937)
[ простой вид ]
| 000 -МАРКЕР | |
|---|---|
| контрольное поле | 02402nam0a2200349 i 4500 |
| 001 - ИДЕНТИФИКАТОР ЗАПИСИ | |
| контрольное поле | RU\NLR\BIBL_A\010904882 |
| 005 - ИДЕНТИФИКАТОР ВЕРСИИ | |
| контрольное поле | 20240921154945.0 |
| 010 ## - МЕЖДУНАРОДНЫЙ СТАНДАРТНЫЙ НОМЕР КНИГИ (ISBN) | |
| Номер (ISBN) | 9785990711327 |
| Тираж | 200 |
| 021 ## - НОМЕР ГОСУДАРСТВЕННОЙ РЕГИСТРАЦИИ | |
| Код страны | Российская Федерация |
| Номер | 2015-85512 |
| Номер Листа государственной регистраци | 5233 |
| 035 ## - ДРУГИЕ СИСТЕМНЫЕ НОМЕРА | |
| Идентификатор записи | (NILC)RuMoRGB-008059354 |
| 035 ## - ДРУГИЕ СИСТЕМНЫЕ НОМЕРА | |
| Идентификатор записи | (NLR Aleph) 010904882 |
| 100 ## - ДАННЫЕ ОБЩЕЙ ОБРАБОТКИ | |
| Данные общей обработки | 20151120d2015 um y0rusy50 ca |
| 101 0# - ЯЗЫК РЕСУРСА | |
| Язык текста, звукозаписи и т.д. | русский |
| 102 ## - СТРАНА ПУБЛИКАЦИИ ИЛИ ПРОИЗВОДСТВА | |
| Страна публикации | Российская Федерация |
| 105 ## - ПОЛЕ КОДИРОВАННЫХ ДАННЫХ: ТЕКСТОВЫЕ МАТЕРИАЛЫ, МОНОГРАФИЧЕСКИЕ | |
| Кодированные данные о монографическом текстовом документе | b|||j|||000yy |
| 200 1# - ЗАГЛАВИЕ И СВЕДЕНИЯ ОБ ОТВЕТСТВЕННОСТИ | |
| Основное заглавие | Развитие местного самоуправления в субъектах Российской Федерации: научно-практическое пособие |
| Сведения, относящиеся к заглавию | [для студентов очной и заочной формы обучения по направлению подготовки 38.03.04 "Государственное и муниципальное управление"] |
| Первые сведения об ответственности | Коннов Иван Александрович, Лаврентьев Александр Рудольфович, Трусов Николай Александрович |
| Последующие сведения об ответственности | Российская акад. нар. хоз -ва и гос. службы при Президенте Российской Федерации, Дзержинский фил. |
| 210 ## - ПУБЛИКАЦИЯ, РАСПРОСТРАНЕНИЕ И ДР. | |
| Место издания, распространения и т.д. | Дзержинск |
| Имя издателя, распространителя и т. д. | Конкорд |
| Дата издания, распространения и т.д. | 2015 |
| 215 ## - ФИЗИЧЕСКАЯ ХАРАКТЕРИСТИКА | |
| Специфическое обозначение материала и объем | 429 с. |
| Другие сведения о физической характеристике | цв. карты, табл. |
| Размеры | 21 |
| 300 ## - ОБЩИЕ ПРИМЕЧАНИЯ | |
| Текст примечания | В вып. дан. авт.: Коннов Иван Александрович к.полит.н., доц., Лаврентьев Александр Рудольфович к.ю.н., доц., Трусов Николай Александрович к.ю.н., доц. |
| 320 ## - ПРИМЕЧАНИЯ О НАЛИЧИИ В ДОКУМЕНТЕ БИБЛИОГРАФИИ / УКАЗАТЕЛЯ | |
| Текст примечания | Библиогр. в подстроч. примеч. и в тексте |
| 606 1# - НАИМЕНОВАНИЕ ТЕМЫ КАК ПРЕДМЕТ | |
| Наименование темы | Местное самоуправление |
| Формальный подзаголовок | Практические пособия |
| Географический подзаголовок | Российская Федерация |
| Системный номер авторитетной/нормативной записи | 2077686 |
| Идентификатор авторитетной/нормативной записи | RU\NLR\AUTH\661253368 |
| 675 ## - УНИВЕРСАЛЬНАЯ ДЕСЯТИЧНАЯ КЛАССИФИКАЦИЯ (UDC/УДК) | |
| Индекс | 351/354 |
| 686 1# - ИНДЕКСЫ ДРУГИХ КЛАССИФИКАЦИЙ | |
| Индекс | Х621.011.2я7 |
| 700 #1 - ИМЯ ЛИЦА - ПЕРВИЧНАЯ ОТВЕТСТВЕННОСТЬ | |
| Начальный элемент ввода | Коннов |
| Часть имени, кроме начального элемента ввода | И. А. |
| Расширение инициалов личного имени | Иван Александрович |
| 701 #1 - ИМЯ ЛИЦА - АЛЬТЕРНАТИВНАЯ ОТВЕТСТВЕННОСТЬ | |
| Начальный элемент ввода | Лаврентьев |
| Часть имени, кроме начального элемента ввода | А. Р. |
| Расширение инициалов личного имени | Александр Рудольфович |
| 701 #1 - ИМЯ ЛИЦА - АЛЬТЕРНАТИВНАЯ ОТВЕТСТВЕННОСТЬ | |
| Графика поля | Кириллица |
| Материалы, к которым относится поле | rus |
| Начальный элемент ввода | Трусов |
| Часть имени, кроме начального элемента ввода | Н. А. |
| Дополнения к именам, кроме дат | канд. юрид. наук |
| Даты | 1982- |
| Расширение инициалов личного имени | Николай Александрович |
| Системный номер авторитетной/нормативной записи | 142296 |
| Идентификатор авторитетной/нормативной записи | RU\NLR\AUTH\770142332 |
| 801 #0 - ИСТОЧНИК ЗАПИСИ | |
| Страна | Российская Федерация |
| Организация | РГБ |
| Дата составления | 20151102 |
| Правила каталогизации | RCR |
| 942 ## - ДОПОЛНИТЕЛЬНЫЕ ЭЛЕМЕНТЫ ЗАПИСИ (АБИС) | |
| Тип экземпляра АБИС | Книга |
| 980 ## - КОЛЛЕКЦИЯ | |
| Название коллекции | НБР |
Нет доступных экземпляров.